<?xml version="1.0" encoding="UTF-8"?>
<record
    xmlns:xsi="http://www.w3.org/2001/XMLSchema-instance"
    xsi:schemaLocation="http://www.loc.gov/MARC21/slim http://www.loc.gov/standards/marcxml/schema/MARC21slim.xsd"
    xmlns="http://www.loc.gov/MARC21/slim">

  <leader>01656nam a2200325 a 4500</leader>
  <controlfield tag="003">DO-SdBNP</controlfield>
  <controlfield tag="005">20240223162825.0</controlfield>
  <controlfield tag="007">ta</controlfield>
  <controlfield tag="008">220126e2019    dr a|||frf||| 001 0 spa d</controlfield>
  <datafield tag="020" ind1=" " ind2=" ">
    <subfield code="a">989945591699</subfield>
  </datafield>
  <datafield tag="040" ind1=" " ind2=" ">
    <subfield code="a">DO-SdBNP</subfield>
    <subfield code="b">spa</subfield>
    <subfield code="c">BNPHU</subfield>
  </datafield>
  <datafield tag="082" ind1=" " ind2="4">
    <subfield code="2">22</subfield>
    <subfield code="b">G943p</subfield>
  </datafield>
  <datafield tag="245" ind1="1" ind2="0">
    <subfield code="a">Gu&#xED;a de precauciones est&#xE1;ndares y medidas de aislamiento de pacientes para la prevenci&#xF3;n de infecciones asociadas a la atenci&#xF3;n de salud /</subfield>
    <subfield code="c">Editora, Francini Placencia</subfield>
  </datafield>
  <datafield tag="260" ind1=" " ind2=" ">
    <subfield code="a">Santo Domingo :</subfield>
    <subfield code="b">Ministerio de Salud P&#xFA;blica,</subfield>
    <subfield code="c">2019</subfield>
  </datafield>
  <datafield tag="300" ind1=" " ind2=" ">
    <subfield code="a">59 p. :</subfield>
    <subfield code="b">il. ;</subfield>
    <subfield code="c">28 cm.</subfield>
  </datafield>
  <datafield tag="504" ind1=" " ind2=" ">
    <subfield code="a">Bibliograf&#xED;a: p. 53 - 54</subfield>
  </datafield>
  <datafield tag="505" ind1="0" ind2=" ">
    <subfield code="a">01. Introducci&#xF3;n.</subfield>
  </datafield>
  <datafield tag="505" ind1="0" ind2=" ">
    <subfield code="a">02. Resoluci&#xF3;n.</subfield>
  </datafield>
  <datafield tag="505" ind1="0" ind2=" ">
    <subfield code="a">03. Objetivo de la Gu&#xED;a.</subfield>
  </datafield>
  <datafield tag="505" ind1="0" ind2=" ">
    <subfield code="a">04. &#xC1;mbito de Aplicaci&#xF3;n.</subfield>
  </datafield>
  <datafield tag="505" ind1="0" ind2=" ">
    <subfield code="a">05. Marco Legal.</subfield>
  </datafield>
  <datafield tag="505" ind1="0" ind2=" ">
    <subfield code="a">06. Glosario.</subfield>
    <subfield code="t">07. Cadena de Transmisi&#xF3;n de las Enfermedades Infecciosas.--</subfield>
    <subfield code="t">08. Medidas de Precaucione Est&#xE1;ndares.--</subfield>
    <subfield code="t">09. Prevenci&#xF3;n de Accidentes con Instrumentos Cortopunzantes.--</subfield>
    <subfield code="t">10. Manejo del Ambiente y Elementos Relacionados.--</subfield>
    <subfield code="t">11. Medidas de Precauciones Adicionales Seg&#xFA;n V&#xED;a de Transmisi&#xF3;n.--</subfield>
    <subfield code="t">12. Aislamiento Especial.--</subfield>
    <subfield code="t">13. Precauciones para Prevenir Infecciones por Microorganismos Multirresistentes.--</subfield>
    <subfield code="t">14. Bibliograf&#xED;a.--</subfield>
    <subfield code="t">Anexos.</subfield>
  </datafield>
  <datafield tag="590" ind1=" " ind2=" ">
    <subfield code="a">Inventariado 2022 / MF</subfield>
  </datafield>
  <datafield tag="650" ind1=" " ind2="4">
    <subfield code="9">77851</subfield>
    <subfield code="a">Prevenci&#xF3;n de la salud </subfield>
    <subfield code="v">Guia</subfield>
    <subfield code="z">Rep&#xFA;blica Dominicana</subfield>
  </datafield>
  <datafield tag="650" ind1=" " ind2="0">
    <subfield code="9">2078</subfield>
    <subfield code="a">Salud P&#xFA;blica</subfield>
    <subfield code="z">Rep&#xFA;blica Dominicana</subfield>
  </datafield>
  <datafield tag="700" ind1=" " ind2=" ">
    <subfield code="9">77840</subfield>
    <subfield code="a">Placencia, Francini</subfield>
    <subfield code="e">ed.</subfield>
  </datafield>
  <datafield tag="710" ind1="1" ind2=" ">
    <subfield code="a">Rep&#xFA;blica Dominicana.</subfield>
    <subfield code="b">Ministerio de Salud P&#xFA;blica .</subfield>
    <subfield code="b">Viceministerio de Garant&#xED;a de la Calidad</subfield>
    <subfield code="9">80212</subfield>
  </datafield>
  <datafield tag="910" ind1=" " ind2=" ">
    <subfield code="a">MFeliz</subfield>
  </datafield>
  <datafield tag="942" ind1=" " ind2=" ">
    <subfield code="2">ddc</subfield>
    <subfield code="c">LBS1</subfield>
  </datafield>
  <datafield tag="952" ind1=" " ind2=" ">
    <subfield code="0">0</subfield>
    <subfield code="1">0</subfield>
    <subfield code="2">ddc</subfield>
    <subfield code="5">1</subfield>
    <subfield code="7">0</subfield>
    <subfield code="8">MO</subfield>
    <subfield code="a">BNPHU</subfield>
    <subfield code="b">PD</subfield>
    <subfield code="c">HD</subfield>
    <subfield code="d">2020-01-29</subfield>
    <subfield code="e">Dep&#xF3;sito legal / Ministerio de Salud P&#xFA;blica</subfield>
    <subfield code="l">0</subfield>
    <subfield code="o">G943p</subfield>
    <subfield code="p">2022-0281</subfield>
    <subfield code="r">2022-01-26</subfield>
    <subfield code="w">2022-01-26</subfield>
    <subfield code="y">LBS1</subfield>
  </datafield>
  <datafield tag="952" ind1=" " ind2=" ">
    <subfield code="0">0</subfield>
    <subfield code="1">0</subfield>
    <subfield code="2">ddc</subfield>
    <subfield code="5">1</subfield>
    <subfield code="7">0</subfield>
    <subfield code="8">MO</subfield>
    <subfield code="a">BNPHU</subfield>
    <subfield code="b">PD</subfield>
    <subfield code="c">HD</subfield>
    <subfield code="d">2020-01-29</subfield>
    <subfield code="e">Dep&#xF3;sito legal / Ministerio de Salud P&#xFA;blica</subfield>
    <subfield code="l">0</subfield>
    <subfield code="o">G943p</subfield>
    <subfield code="p">2022-0282</subfield>
    <subfield code="r">2022-01-26</subfield>
    <subfield code="t">e.2</subfield>
    <subfield code="w">2022-01-26</subfield>
    <subfield code="y">LBS1</subfield>
  </datafield>
  <datafield tag="952" ind1=" " ind2=" ">
    <subfield code="0">0</subfield>
    <subfield code="1">0</subfield>
    <subfield code="2">ddc</subfield>
    <subfield code="5">6</subfield>
    <subfield code="7">0</subfield>
    <subfield code="8">MO</subfield>
    <subfield code="a">BNPHU</subfield>
    <subfield code="b">DO</subfield>
    <subfield code="c">HD</subfield>
    <subfield code="d">2020-01-29</subfield>
    <subfield code="e">Dep&#xF3;sito legal / Ministerio de Salud P&#xFA;blica</subfield>
    <subfield code="l">0</subfield>
    <subfield code="o">G943p</subfield>
    <subfield code="p">2022-0283</subfield>
    <subfield code="r">2022-01-26</subfield>
    <subfield code="t">e.3</subfield>
    <subfield code="w">2022-01-26</subfield>
    <subfield code="y">LBS1</subfield>
  </datafield>
  <datafield tag="999" ind1=" " ind2=" ">
    <subfield code="c">51235</subfield>
    <subfield code="d">51235</subfield>
  </datafield>
</record>
